| 000 | 00341nam a22001337a 4500 | ||
|---|---|---|---|
| 008 | 250422b |||||||| |||| 00| 0 eng d | ||
| 020 | _a9781562102 | ||
| 050 |
_aJQ 3028 _b.B33 |
||
| 100 | _aBabatope Ebenezer | ||
| 245 | _aThe Ghana Revolution | ||
| 260 |
_aNigeria _bFourth dimension publishing Co-Ltd _c1982 |
||
| 300 | _a109p. | ||
| 942 | _cBK | ||
| 999 |
_c3069 _d3069 |
||